<?xml version="1.0" encoding="UTF-8"?>
<record
    xmlns:xsi="http://www.w3.org/2001/XMLSchema-instance"
    xsi:schemaLocation="http://www.loc.gov/MARC21/slim http://www.loc.gov/standards/marcxml/schema/MARC21slim.xsd"
    xmlns="http://www.loc.gov/MARC21/slim">

  <leader>01382nam a22001697a 4500</leader>
  <controlfield tag="008">140709b        xxu||||| |||| 00| 0 eng d</controlfield>
  <datafield tag="020" ind1=" " ind2=" ">
    <subfield code="a">013141435671</subfield>
  </datafield>
  <datafield tag="050" ind1=" " ind2=" ">
    <subfield code="a">QA76.C5628</subfield>
  </datafield>
  <datafield tag="100" ind1=" " ind2=" ">
    <subfield code="a">Beekman, George.</subfield>
  </datafield>
  <datafield tag="245" ind1=" " ind2=" ">
    <subfield code="a">Computer confluence: exploring tomorrow's technology. /</subfield>
    <subfield code="c">George Beekman</subfield>
  </datafield>
  <datafield tag="250" ind1=" " ind2=" ">
    <subfield code="a">6th ed.</subfield>
  </datafield>
  <datafield tag="260" ind1=" " ind2=" ">
    <subfield code="a">Upper Saddle River:</subfield>
    <subfield code="b">Pearson,</subfield>
    <subfield code="c">2005.</subfield>
  </datafield>
  <datafield tag="300" ind1=" " ind2=" ">
    <subfield code="a">xxx,600p.:</subfield>
    <subfield code="b">ill.;</subfield>
    <subfield code="c">25cm.</subfield>
  </datafield>
  <datafield tag="500" ind1=" " ind2=" ">
    <subfield code="a">Includes index, appendix and glossary.</subfield>
  </datafield>
  <datafield tag="505" ind1=" " ind2=" ">
    <subfield code="a">Contents: Approaching computers: Hardware and software fundamentals: Computer currents: From calculation to connection -- Hardware basics: Inside the box -- Hardware basics: Peripherals -- Software basics: The ghost in the machine -- Using software: Essentials applications: Basic office applications -- Graphics, digital media and multimedia -- Database applications and implications -- Exploring with computers: Networking and the internet: Networking and telecommunication -- Inside the internet and the world wide web -- Living with computers: Issues and implications: Computers security and risks -- Computers at work, school and home -- Managing computers: Information systems at work: Information systems in Business -- Electronic commerce and E-business -- Mastering computers: From algorithms to intelligence: Systems design and development -- Is artificial intelligence real</subfield>
  </datafield>
  <datafield tag="942" ind1=" " ind2=" ">
    <subfield code="2">lcc</subfield>
    <subfield code="c">BK</subfield>
  </datafield>
  <datafield tag="999" ind1=" " ind2=" ">
    <subfield code="c">3105</subfield>
    <subfield code="d">10605</subfield>
  </datafield>
  <datafield tag="952" ind1=" " ind2=" ">
    <subfield code="0">0</subfield>
    <subfield code="1">0</subfield>
    <subfield code="2">lcc</subfield>
    <subfield code="4">0</subfield>
    <subfield code="7">0</subfield>
    <subfield code="a">WIUC-1</subfield>
    <subfield code="b">WIUC-1</subfield>
    <subfield code="c">REF</subfield>
    <subfield code="d">2014-07-09</subfield>
    <subfield code="l">0</subfield>
    <subfield code="o">QA76.C5628</subfield>
    <subfield code="p">7470/498/13</subfield>
    <subfield code="r">2014-07-09 00:00:00</subfield>
    <subfield code="t">1</subfield>
    <subfield code="w">2014-07-09</subfield>
    <subfield code="y">BK</subfield>
  </datafield>
</record>
